| 000 | 00000cam 2200000zi 4500 |
| 001 | 9.558153 |
| 003 | CaOODSP |
| 005 | 20210624172237 |
| 007 | cr ||||||||||| |
| 008 | 150406s2003||||xxc|||||o f|0| 0 eng d |
| 020 | |a0-662-32353-X |
| 022 | |a1205-9153 |
| 040 | |aCaOODSP|beng |
| 043 | |an-cn--- |
| 086 | 1 |aCS11-0019/192E-PDF |
| 100 | 1 |aFrenette, Marc, |eauthor. |
| 245 | 10|aLife after welfare : |bthe economic well being of welfare leavers in Canada during the 1990s / |cby Marc Frenette and Garnett Picot. |
| 260 | |aOttawa, Ontario : |bStatistics Canada, |cMarch 2003. |
| 300 | |a1 online resource (32 pages) : |bgraphs, tables. |
| 336 | |atext|btxt|2rdacontent |
| 337 | |acomputer|bc|2rdamedia |
| 338 | |aonline resource|bcr|2rdacarrier |
| 490 | 1 |aAnalytical Studies Branch research paper series ; |x1205-9153|vNo. 192 |
| 504 | |aIncludes bibliographical references. |
| 590 | |a12-34-Supp|b2012-07-31 |
| 710 | 2 |aStatistics Canada, |eissuing body. |
| 775 | 08|tLa vie après l'aide sociale : |w(CaOODSP)9.591079 |
| 830 | #0|aResearch paper series (Statistics Canada. Analytical Studies Branch)|x1205-9153|vNo. 192|w(CaOODSP)9.504421 |
| 856 | 40|ahttp://publications.gc.ca|qPDF|s325 KB|uhttps://publications.gc.ca/collections/collection_2012/statcan/11f0019m/11f0019m2003192-eng.pdf|yNo. 192 |